| 000 | 00464nam a2200169Ia 4500 | ||
|---|---|---|---|
| 003 | GCL | ||
| 008 | 140319s9999 xx 000 0 eng d | ||
| 040 |
_aGCL / _cGCL |
||
| 082 | 0 | 4 |
_a938 _bS E |
| 100 | 1 | _aSACKS, DAVID | |
| 245 | 1 | 0 |
_aENCYCLOPEDIA OF THE ANCIENT GREEK WORLD / _cSACKS, DAVID |
| 260 |
_a[S.N] : _bFACTS ON FILE PUBLICATIONS ، _c1995 |
||
| 300 | _a306 P | ||
| 650 | 0 | 4 | _aDICTIONARIES |
| 650 | 0 | 4 | _aGREECE, CIVILIZATION TO 146 BC |
| 942 |
_2ddc _cBK |
||
| 999 |
_c13745 _d13745 |
||